Eurovision 2025 - Sudden Death - Statistics

General Stats
  • This quiz has been taken 93 times
  • The average score is 16 of 19
Answers on the Grid
Answers color-coded by a green-red scale on the quiz's grid according to % correct below.
Baby Lasagna
5MIINUST x Puuluup
Windows95man
Marina Satti
Slimane
Bambie Thug
Maneskin
Loreen
Käärijä
La Zarra
Marco Mengoni
Joker Out
TVORCHI
Ziferblat
Miriana Conte
Claude
NAPA
Melody
Remember Monday
Gabry Ponte
Katarsis
Lucio Corsi
VAEB
Klavdia
Abor & Tynna
Louane
Erika Vikman
Tommy Cash
Sissal
Red Sebastian
JJ
Go-Jo
 
Answer Stats
Answer % Correct
Erika Vikman
93%
Tommy Cash
91%
VAEB
91%
JJ
90%
Abor & Tynna
89%
Remember Monday
89%
Lucio Corsi
88%
Go-Jo
86%
Gabry Ponte
85%
Red Sebastian
85%
Ziferblat
85%
Katarsis
84%
Klavdia
84%
Melody
84%
Sissal
84%
Louane
83%
Miriana Conte
83%
NAPA
83%
Claude
80%
No matching quizzes found
Score Distribution
Percent of People with Each Score
Percentile by Number Answered
Your Score History
You have not taken this quiz